Quizzes
Events
Quiz Creation
Community
Videos
Private Events
Remove Ads
Sign In
Join for FREE
Feedback
Dark Mode
Quiz Categories
Sports
Geography
Music
Movies
Television
Just For Fun
Miscellaneous
History
Literature
Language
Science
Gaming
Entertainment
Religion
Holiday
For Kids
Quiz Lab
Recent
Popular Today
Quiz Kudos Today
Editor Picks
Curator Picks
Quizzes by...
Day
Popularity
Type
Ratings
Length
Year
Community
Subscriptions
Recent Discussions
Orange Saloon
Badges
Playlists
Quests
Create
Leaderboards
Showdown
Live 5
Trivia Bingo
Activity
Puzzle Library
Sporcle Events
Private Events
Virtual Trivia
Globe League
Become a Host
Pub Owners
SporcleCon
Opinionation
Our Games
Videos
Blog
Mobile Apps
Partnerships
Remove Ads and Go Orange
Feedback
Sports
Athletes
MLB
NBA
NHL
NFL
Soccer
Sports Teams
WWE
NCAA
Football
Premier League
Basketball
Baseball
Hockey
Golf
Tennis
Cricket
Rugby
Auto Racing
Olympics
World Cup
Sports
Athletes
MLB
NBA
NHL
NFL
Soccer
Sports Teams
WWE
NCAA
Football
Premier League
Basketball
Baseball
Hockey
Golf
Tennis
Cricket
Rugby
Auto Racing
Olympics
World Cup
Random Quiz
Search Sporcle
×
Quiz Lab
Quiz Lab
Sports
Soccer
Type in answers that appear in a list
Type in answers that appear in a list
Classic
Best Score? Go Orange.
Man United Players In A World Cup Stats
Can you name the Man United Players In A World Cup ?
By
manutddjw
10m
73 Questions
505 Plays
505 Plays
505 Plays
Comments
Comments
Give Quiz Kudos
Give Quiz Kudos
-
- Ratings
hide this ad
More Info
Replay
Link that replays current quiz
Next Quiz
Link to next quiz in quiz playlist
You Got
0%
They Got
Avg Score
61%
Avg Friend Score
Upgrade to see
Score Distribution
Jump to the score distribution portion of the page
Score
0/73
Timer
10:00
0
Plays Today
Country
Player
% Correct
Serbia and Montenegro
Nemanja Vidic
94.7%
Serbia
Nemamja Vidic
94.1%
Portugal
Cristiano Ronaldo
93.5%
England
David Beckham
93.1%
England
David Beckham
93.1%
South Korea
Park Ji-Sung
93.1%
South Korea
Park Ji-Sung
93.1%
England
Wayne Rooney
92.7%
England
Wayne Rooney
92.7%
England
Paul Scholes
90.7%
England
Paul Scholes
90.7%
Republic of Ireland
Roy Keane
90.1%
Republic of Ireland*
Roy Keane
90.1%
England
Gary Neville
89.9%
England
Gary Neville
89.9%
England
Rio Ferdinand
89.3%
France
Patrice Evra
89.1%
Netherlands
Ruud Van Nistelrooy
86.1%
England
Michael Carrick
84%
Uruguay
Diego Forlan
83.8%
USA
Tim Howard
83.2%
Argentina
Juan Sebastian Veron
83%
England
Bobby Charlton
82.8%
England
Bobby Charlton
82.8%
England
Bobby Charlton
82.8%
England
Bobby Charlton
82.8%
Norway
Ole Gunnar Solskjaer
82.2%
Denmark
Peter Schmeichel
81.8%
England
Nicky Butt
80.2%
Netherlands
Edwin Van Der Sar
79.8%
Argentina
Gabriel Heinze
79%
England
Bryan Robson
73.9%
France
Fabien Barthez
73.7%
South Africa
Quinton Fortune
73.7%
Republic of Ireland
Dennis Irwin
72.5%
Norway
Ronny Johnsen
70.3%
England
Teddy Sheringham
70.1%
Country
Player
% Correct
England
Bryan Robson
68.7%
England
Bryan Robson
68.7%
France
Mikael Silvestre
67.9%
France
Mikael Silvestre
67.9%
Norway
Henning Berg
66.3%
England
Wes Brown
61%
France
Louis Saha
60.2%
England
Nobby Stiles
53.3%
England
Nobby Stiles
53.3%
Norther Ireland
Norman Whiteside
50.3%
Northern Ireland
Norman Whiteside
50.3%
Scotland
Gordan Strachan
44.4%
Denmark
Jesper Olsen
40.4%
England
Ray Wilkins
39.8%
Scotland
Jim Leighton
38.6%
England
Neil Webb
37.4%
Scotland
Lou Macari
33.3%
Scotland
Joe Jordan
33.3%
England
Steve Coppell
33.1%
Scotland
Gordon McQueen
32.7%
England
Alex Stepney
32.5%
Scotland
Arthur Albiston
31.7%
Scotland
Martin Buchan
31.5%
Scotland
Martin Buchan
31.5%
England
Gary Bailey
30.3%
England
Tommy Taylor
27.5%
Northern Ireland
Harry Gregg
24%
Denmark
John Sivebaek
21.8%
England
Roger Byrne
19.6%
Scotland
Willie Morgan
19.2%
England
John Aston
16.8%
Scotland
Jim Holton
16%
England
John Connelly
15%
England
Allenby Chilton
6.7%
England
Henry Cockburn
4.8%
Wales
Colin Webster
3.6%
Quiz Playlist
Details
Report
Send in Message
Add To Playlist
More Info:
Name the players who made the 23 man roster for their countries while playing for Manchester United
Classic:
Type in answers that appear in a list
Last Updated: Feb 16, 2017
Quiz Scoreboard
CHALLENGE
Sign Up to Join the Scoreboard
Show All
Scores
Hide
Comments
May contain spoilers
Recently Published
An Introduction to Baseball
by treessimontrees
Sports
5m
Movies - When Are They Set?
by FPL_Elf
Movies
5m
Popular People in 1961
by mucciniale
History
6m
More to Explore
Quiz From the Vault
Featured Blog Post
Where Did the Easter Bunny Come From?
hide this ad
You Might Also Like...
Tags
Football Quiz
Soccer Quiz
World Cup Quiz
Manchester
Manchester United
Today's Top Quizzes in Sports
Browse Sports
hide this ad
Today's Top Quizzes in Soccer
Browse Soccer
Top Contributed Quizzes in Sports
1
Les meilleurs buteurs des matchs entre le PSG et l’OM
2
2022 World Cup Stars
3
FIFA Club World Cup Champions
4
Les entraîneurs de l'OM et du PSG au 21e siècle
5
Name the Premier League winners with different clubs
6
La finale Lions - Afrique du Sud 2021
7
Les joueurs passés par le LOSC et le RC Lens
8
Criteria MLB: Left Handed Sluggers
9
Players with Multiple 50 Home Run Seasons
10
5-to-1: UK Sports Teams
Explore More
Trending Topics
Harry Potter
Marvel
NBA
Crossword
Anime
Kpop
Disney
Song
WWE
NFL
Pokémon
Soccer
The Office
Country
Puzzle
hide this ad
More By:
manutddjw
Quiz
Plays
Rating
Category
Featured
Created
Goal.com Top 50 Players of 2010-2011
25,262
4.08
Sports
Aug 22, 2011
FourFourTwo Top 100 Footballers 2014-2015
22,606
4.56
Sports
Dec 2, 2014
Goal.com Best XI's Of The Decade (Clubs)
13,285
4.55
Sports
Jul 3, 2012
Premier League Opening Day Lineups 2012-2013
7,520
4.48
Sports
Aug 22, 2012
Every FIFPro World XI
7,014
4.94
Sports
Jan 17, 2012
Go to Creator's Profile
Score Distribution
Quiz Creator Spotlight
manutddjw
Follow
Send a Message
Quizzes Created
-
Created Quiz Play Count
-
More By This Creator
Popular Quizzes Today
1
Find the Countries of Europe - No Outlines Minefield
2
Find the US States - No Outlines Minefield
3
The Countries of the World
4
Popular People in 1961
5
US States
6
Find the US States
7
1-10 Letter E Words III
8
Risky Map Clicking: Biggest States A-Z
More Sports Quizzes
Les double-losers
Quiz Lab
Trending Quizzes
Risky Map Clicking: Least Populous States A-Z
1-10 Letter F Words
1-10 Letter G Words
One Thing in Common: United Kingdom
Risky Map Clicking: Next State Alphabetically
Recently Updated
Leaping Animals
pecheneg
Reality TV Shows (A-Z)
bhenderson79
Rickey Henderson's Hall of Fame Teammates
pecheneg
Champions League XIs: Arsenal
pecheneg
Quick Pick: Celebrities in WWE's Hall of Fame
aduchscher
A-Z Keypad Blitz II
pecheneg
Multiple Oscar Actors
pecheneg
Mystery Phrase Blitz: Oscar 'Best Actors'
pecheneg
F. Scott Fitzgerald Novels
LTH
Pick 3 Villains
ddd62291
Trending Topics
Crossword
Disney
NBA
Harry Potter
Kpop
Marvel
Anime
The Office
Puzzle
WWE
Country
Song
Soccer
NFL
Pokémon
Your Account Isn't Verified!
In order to create a playlist on Sporcle, you need to verify the email address you used during registration. Go to your
Sporcle Settings
to finish the process.
Report this User
Report this user for behavior that violates our
Community Guidelines
.
Details:
Send Report
Go to the Sporcle.com Mobile Site →
Comments